Normal view
MARC view
- Supervisor: Mrs Fizza Khan
Entry Personal Name
001 - CONTROL NUMBER
- control field: 123732
003 - CONTROL NUMBER IDENTIFIER
- control field: NUST
005 - DATE AND TIME OF LATEST TRANSACTION
- control field: 20240614131342.0
008 - FIXED-LENGTH DATA ELEMENTS
- fixed length control field: 240614|| aca||aabn | a|a d
040 ## - CATALOGING SOURCE
- Original cataloging agency: NUST
- Transcribing agency: NUST
100 ## - HEADING--PERSONAL NAME
- Personal name: Supervisor: Mrs Fizza Khan
670 ## - SOURCE DATA FOUND
- Source citation: Work cat.: (NUST): Balkhi, Syed Basil 123731, BUSINESS AND FINANCIAL PERFOMRMENCE ANALYSIS OF “FAUJI CEMENT COMPANY LIMITED” IN COMPARISION WITH ITS TWO MAJOR COMPETITORS IN THE CEMENT INDUSTRY OF PAKISTAN OVER THE LAST FOUR YEARS/
